[Event "Macedonian op"]
[Site "Struga"]
[Date "2002.07.28"]
[Round "9"]
[White "Hadzi Poposki, Zvonko"]
[Black "Sekulovska, Vesna"]
[Result "1-0"]
[WhiteElo "2197"]
[BlackElo "2144"]
[PlyCount "95"]
[EventDate "2002.07.20"]
[EventType "swiss"]
[EventRounds "9"]
[EventCountry "MKD"]
[SourceTitle "CBM 089 Extra"]
[Source "ChessBase"]
[SourceDate "2002.09.10"]
[SourceVersion "2"]
[SourceVersionDate "2002.09.10"]
[SourceQuality "1"]

1. c4 e5 2. Nc3 Nc6 3. g3 f5 4. Bg2 Nf6 5. d3 Bc5 6. e3 0-0 7. Nge2 Qe8 8. Nd5 Nxd5 9. cxd5 Bb4+ 10. Nc3 Nd8 11. 0-0 d6 12. Qc2 Kh8 13. a3 Bxc3 14. Qxc3 c6 15. dxc6 bxc6 16. b4 Bd7 17. Bb2 Rc8 18. f4 c5 19. fxe5 cxb4 20. Qxb4 dxe5 21. Bxe5 Nc6 22. Bxc6 Bxc6 23. Qf4 Qe6 24. e4 Rfe8 25. d4 Bxe4 26. Qg5 Qg6 27. Qxg6 hxg6 28. Rac1 Kg8 29. h4 Kf7 30. Kf2 Rxc1 31. Rxc1 Re7 32. Ke3 Rb7 33. Rc3 Ke6 34. Kf4 Bb1 35. Rc6+ Kf7 36. Kg5 Be4 37. Rxg6 Kf8 38. Ra6 Bd3 39. Rc6 Be4 40. Rc8+ Kf7 41. a4 Rd7 42. a5 Bd3 43. Rc3 Be4 44. a6 g6 45. Kf4 Bd5 46. Rc8 Be4 47. Kg5 Bd3 48. Rc6 1-0

[Event "Macedonian op"]
[Site "Struga"]
[Date "2002.07.24"]
[Round "5"]
[White "Hadzi Poposki, Zvonko"]
[Black "Simovski, Goran"]
[Result "1/2-1/2"]
[WhiteElo "2197"]
[BlackElo "2235"]
[PlyCount "20"]
[EventDate "2002.07.20"]
[EventType "swiss"]
[EventRounds "9"]
[EventCountry "MKD"]
[SourceTitle "CBM 089 Extra"]
[Source "ChessBase"]
[SourceDate "2002.09.10"]
[SourceVersion "2"]
[SourceVersionDate "2002.09.10"]
[SourceQuality "1"]

1. e4 c5 2. Nc3 e6 3. Nf3 Nc6 4. d4 cxd4 5. Nxd4 a6 6. Be3 Nf6 7. Be2 Qc7 8. 0-0 d6 9. f4 Be7 10. Bf3 Bd7 1/2-1/2

[Event "Macedonian op"]
[Site "Struga"]
[Date "2002.07.23"]
[Round "4"]
[White "Popov, Venci"]
[Black "Hadzi Poposki, Zvonko"]
[Result "1-0"]
[WhiteElo "2314"]
[BlackElo "2197"]
[PlyCount "105"]
[EventDate "2002.07.20"]
[EventType "swiss"]
[EventRounds "9"]
[EventCountry "MKD"]
[SourceTitle "CBM 089 Extra"]
[Source "ChessBase"]
[SourceDate "2002.09.10"]
[SourceVersion "2"]
[SourceVersionDate "2002.09.10"]
[SourceQuality "1"]

1. e4 d5 2. exd5 Qxd5 3. Nc3 Qa5 4. d4 Nf6 5. Bd2 c6 6. Nf3 Bg4 7. Bc4 e6 8. h3 Bxf3 9. Qxf3 Qc7 10. 0-0-0 Nbd7 11. g4 Nb6 12. Bb3 0-0-0 13. g5 Ne8 14. Ne4 g6 15. Bf4 Qe7 16. c4 Bg7 17. Qe3 Qd7 18. Be5 h5 19. f4 Qe7 20. Rhf1 Rf8 21. Qc3 Bxe5 22. fxe5 Nc7 23. h4 Kb8 24. Rf3 Ne8 25. Bc2 Ng7 26. Nd6 Nc8 27. c5 Qc7 28. Qb4 Nf5 29. Rb3 Rd7 30. Qa4 Ncxd6 31. exd6 Nxd6 32. cxd6 Qxd6 33. Kb1 Qf4 34. Qxc6 Qc7 35. Be4 Qxc6 36. Bxc6 Rc7 37. Be4 Rd8 38. Rbd3 Rd6 39. d5 e5 40. Rc3 Rcd7 41. Rdc1 a6 42. Rc8+ Ka7 43. Rf1 Rb6 44. Re8 Rb4 45. Rxe5 a5 46. Rf6 Rd4 47. d6 a4 48. Bd5 Rxh4 49. Re7 Rd8 50. Rxb7+ Ka6 51. d7+ Ka5 52. b3 Rd4 53. Bc4 1-0

[Event "Macedonian op"]
[Site "Struga"]
[Date "2002.07.20"]
[Round "1"]
[White "Hadzi Poposki, Zvonko"]
[Black "Ermenkov, Evgenij"]
[Result "0-1"]
[WhiteElo "2197"]
[BlackElo "2471"]
[PlyCount "82"]
[EventDate "2002.07.20"]
[EventType "swiss"]
[EventRounds "9"]
[EventCountry "MKD"]
[SourceTitle "CBM 089 Extra"]
[Source "ChessBase"]
[SourceDate "2002.09.10"]
[SourceVersion "2"]
[SourceVersionDate "2002.09.10"]
[SourceQuality "1"]

1. c4 e5 2. Nc3 Nf6 3. g3 d5 4. cxd5 Nxd5 5. Bg2 Nb6 6. Nf3 Nc6 7. 0-0 Be7 8. d3 0-0 9. a3 Re8 10. b4 Bf8 11. Bb2 g6 12. Rc1 Bg7 13. e3 a6 14. Qc2 h6 15. Ne4 Kh7 16. Rfd1 Qe7 17. Nc5 Nd7 18. Nd2 Ndb8 19. Ndb3 b6 20. Nxa6 Bxa6 21. Bxc6 Nxc6 22. Qxc6 Ra7 23. Qf3 Bxd3 24. e4 Ba6 25. Qe3 h5 26. Rc2 Bb5 27. Rd5 Ba4 28. Qd3 c6 29. Rd6 Bxb3 30. Rcxc6 Be6 31. Rxb6 Bh3 32. Bc1 Rc8 33. Be3 Rca8 34. Bc1 Rc7 35. Be3 Bh6 36. Bc5 Qg5 37. Qc3 Rca7 38. b5 Bf8 39. f4 exf4 40. Rd5 Bxc5+ 41. Rxc5 Qg4 0-1